Estadística para administración (Registro nro. 667)

Detalles MARC
000 -LEADER
fixed length control field 01507 a2200265 4500
001 - CONTROL NUMBER
control field 15964
005 - DATE AND TIME OF LATEST TRANSACTION
control field 20260407155451.0
008 - FIXED-LENGTH DATA ELEMENTS--GENERAL INFORMATION
fixed length control field 260407a2001 arg spa d
003 - CONTROL NUMBER IDENTIFIER
control field AR-UNSa-BCEJYS
040 ## - CATALOGING SOURCE
Original cataloging agency AR-UNSa-BCEJYS
Language of cataloging spa
Transcribing agency AR-UNSa-BCEJYS
080 ## - UNIVERSAL DECIMAL CLASSIFICATION NUMBER
Universal Decimal Classification number 519.2
Common auxiliary subdivision Probabilidades y estadística matemática<br/>
020 ## - INTERNATIONAL STANDARD BOOK NUMBER
International Standard Book Number 968-444-456-7
041 ## - LANGUAGE CODE
Language code of text/sound track or separate title spa
100 1# - MAIN ENTRY--PERSONAL NAME
Personal name Berenson, Mark L.
245 10 - TITLE STATEMENT
Title Estadística para administración
250 ## - EDITION STATEMENT
Edition statement 2a. ed
264 #1 - PRODUCTION, PUBLICATION, DISTRIBUTION, MANUFACTURE, AND COPYRIGHT NOTICE
Place of production, publication, distribution, manufacture México :
Name of producer, publisher, distributor, manufacturer Pearson Educación
Date of production, publication, distribution, manufacture, or copyright notice 2001
300 ## - PHYSICAL DESCRIPTION
Extent xviii, 734 p.
Dimensions 25 cm.
505 ## - FORMATTED CONTENTS NOTE
Formatted contents note 1. Introducción y recopilación de datos - 2. Presentación de datos en tablas y gráficas - 3. Resumen y descripción de datos numéricos - 4. Probabilidad básica y distribuciones de probabilidad - 5. Distribuciones muestrales y estimación de intervarlos de confianza - 6. Fundamentos de pruebas de hipótesis: pruebas con una muestra - 7. Pruebas con dos muestras y c muestras con datos categóricos - 8. Pruebas de dos muestras y c muestras con datos categóricos - 9. Regresión lineal simple y correlación - 10. Modelos de regresión múltiple - 11. Análisis de series de tiempo - 12. Aplicaciones estadística en la administración de la calidad y productividad
590 ## - LOCAL NOTE (RLIN)
Local note niveau_biblio:m niveau_hierar:0
700 1# - ADDED ENTRY--PERSONAL NAME
Personal name Levine, David M.
700 1# - ADDED ENTRY--PERSONAL NAME
Personal name Krehbiel, Timothy C.
856 41 - ELECTRONIC LOCATION AND ACCESS
Uniform Resource Identifier <a href="https://biblioeco.unsa.edu.ar/pmb/images/libros/Estadistica para adminstracion-l87735.jpg">https://biblioeco.unsa.edu.ar/pmb/images/libros/Estadistica para adminstracion-l87735.jpg</a>
Link text Imagen de portada
Electronic format type image/jpeg
942 ## - ADDED ENTRY ELEMENTS (KOHA)
Koha item type
Existencias
Withdrawn status Lost status Damaged status Not for loan Home library Current library Shelving location Date acquired Total checkouts Full call number Barcode Date last seen Price effective from Koha item type Public note
        Biblioteca Prof. Eusebio Cleto del Rey Biblioteca Prof. Eusebio Cleto del Rey   07/04/2026   519.2 B488e 2ed. L87737 07/04/2026 07/04/2026 Libro DESDE INDICE A PÁG 30 DOBLADAS EN ESQUINA INFERIOR - PARTIDO EN PÁG 3 - LÁPIZ LEVE - PARTIDO EN PÁG 298 - CANTO MANCHADO
        Biblioteca Prof. Eusebio Cleto del Rey Biblioteca Prof. Eusebio Cleto del Rey   07/04/2026   519.2 B488e 2ed. L87736 07/04/2026 07/04/2026 Libro HÚMEDO EN CANTO SUPERIOR Y MANCHADO - CONTENIDO CON MANCHAS - PÁG 311 HÚMEDA EN CANTO SUPERIOR
        Biblioteca Prof. Eusebio Cleto del Rey Biblioteca Prof. Eusebio Cleto del Rey   07/04/2026   519.2 B488e 2ed. L87739 07/04/2026 07/04/2026 Libro MANCHADO SOBRE TODO EN PÁG 595 A 597, 41 - LÁPIZ LEVE - PRIMERAS DOS HOJAS UN POCO SUELTAS - LAPICERA AZUL EN PÁG 57 - CANTO MANCHADO
        Biblioteca Prof. Eusebio Cleto del Rey Biblioteca Prof. Eusebio Cleto del Rey   07/04/2026   519.2 B488e 2ed. L87735 07/04/2026 07/04/2026 Libro PARTIDO EN PÁG 453 - PÁG 200 UN POCO SUELTA - CANTO MANCHADO
        Biblioteca Prof. Eusebio Cleto del Rey Biblioteca Prof. Eusebio Cleto del Rey   07/04/2026   519.2 B488e 2ed. L87738 07/04/2026 07/04/2026 Libro PÁGINA 179 HÚMEDA - LÁPIZ - MANCHADO - (1° HOJA Y MANCHITAS EN EL CONTENIDO) - CANTO MANCHADO - HÚMEDO EN CANTO LATERAL - ÚLTIMA PÁGINA DOBLADA